Movies Quiz

Random Movies or Actor Quiz
Score 0/60 Timer 16:00
0 Plays Today
Actors % Correct
Will Smith
100%
Jeff Goldblum
95.2%
Jake Gyllenhaal
90.5%
Bill Pullman
90.5%
Dennis Quaid
85.7%
Liam Hemsworth
81%
Vivica A. Fox
81%
Maggie Gyllenhaal
71.4%
Channing Tatum
66.7%
Jamie Foxx
66.7%
John Cusack
66.7%
Chiwetel Ejiofor
61.9%
Matthew Broderick
57.1%
Mel Gibson
52.4%
Kurt Russell
52.4%
James Woods
52.4%
Woody Harrelson
47.6%
Thandie Newton
47.6%
Heath Ledger
47.6%
Emmy Rossum
47.6%
Jean Reno
47.6%
Charlotte Gainsbourg
47.6%
William Fichtner
42.9%
Danny Glover
42.9%
James Spader
42.9%
Joey King
42.9%
Richard Jenkins
38.1%
Oliver Platt
38.1%
Nick Jonas
33.3%
Patrick Wilson
28.6%
Actors % Correct
Ian Holm
28.6%
Amanda Peet
28.6%
Ed Skrein
28.6%
Djimon Hounsou
23.8%
Joely Richardson
23.8%
Aaron Eckhart
23.8%
Tom Wilkinson
23.8%
Jason Isaacs
19%
Hank Azaria
19%
Harvey Fierstein
19%
Jason Clarke
19%
Chris Cooper
14.3%
Sela Ward
14.3%
Harry Connick Jr.
9.5%
Dolph Lundgren
4.8%
Mandy Moore
4.8%
Rhys Ifans
4.8%
Luke Evans
4.8%
Vanessa Redgrave
4.8%
Jean-Claude Van Damme
4.8%
Ron Perlman
0%
David Thewlis
0%
Malcolm McDowell
0%
Cliff Curtis
0%
Mark Rylance
0%
Jimmi Simpson
0%
Jonathan Rhys Meyers
0%
Rafe Spall
0%
Kevin Dunn
0%
Darren Criss
0%
Remove Ads.
Support Sporcle.
Get the best of Sporcle when you Go Orange. This ad-free experience offers more features, more stats, and more fun while also helping to support Sporcle. Thank you for becoming a member.

You're not logged in!

Compare scores with friends on all Sporcle quizzes.
OR
Log In

Show Comments

Extras

Top Quizzes Today


Score Distribution

Your Account Isn't Verified!

In order to create a playlist on Sporcle, you need to verify the email address you used during registration. Go to your Sporcle Settings to finish the process.

Report this User

Report this user for behavior that violates our Community Guidelines.

Details: